• e Collaboratori

di Corporate Name

Records bibliografici associati: 1

001 - CONTROL NUMBER

  • control field: 426

003 - CONTROL NUMBER IDENTIFIER

  • control field: IT-RoPau

005 - DATE AND TIME OF LATEST TRANSACTION

  • control field: 20130214101645.0

008 - FIXED-LENGTH DATA ELEMENTS

  • fixed length control field: 130214|| aca||aabn | a|a d

040 ## - CATALOGING SOURCE

  • Original cataloging agency: IT-RoPau
  • Transcribing agency: IT-RoPau

110 ## - HEADING--CORPORATE NAME

  • Corporate name or jurisdiction name as entry element: e Collaboratori

670 ## - SOURCE DATA FOUND

  • Source citation: Work cat.: (IT-RoPau)25135: Giacomo Alberione 1, La Primavera Paolina. L’Unione Cooperatori Buona Stampa” dal 1918 al 1927.
CREDITS: SOCIETA' SAN PAOLO Via A.Severo, 58 - ROMA (RM) & PERIODICI SAN PAOLO SRL Via Giotto, 36 MILANO & CISF Via Giotto, 36 MILANO & EDIZIONI SAN PAOLO SRL,  Piazza Soncino, 5 CINISELLO BALSAMO (MI) -- ITALY